000 00690nam a2200169Ia 4500
008 090711s9999 xx 000 0 und d
082 _b692
100 _aपांढरीपांडे विजय म.
245 _aनव्या शतकाSया उंबरठयावर ....
260 _bमेनका प्रकाशन
_c2000
300 _a300
600 _aपांढरीपांडे विजय म.
630 _aनव्या शतकाSया उंबरठयावर ....
700 _aपांढरीपांडे विजय म.
730 _aनव्या शतकाSया उंबरठयावर ....
942 _cBOOK
999 _c337685
_d337685